Power BI實作大數據篩選分析與商業圖表設計 / (Record no. 7369)
[ view plain ]
| 000 -LEADER | |
|---|---|
| fixed length control field | 00622cam a2200205 i 4500 |
| 001 - CONTROL NUMBER | |
| control field | 005716990 |
| 003 - CONTROL NUMBER IDENTIFIER | |
| control field | YEEZEN |
| 005 - DATE AND TIME OF LATEST TRANSACTION | |
| control field | 20230113095657.0 |
| 008 - FIXED-LENGTH DATA ELEMENTS--GENERAL INFORMATION | |
| fixed length control field | 220103s2021 ch a e 000 0 chi d |
| 020 ## - INTERNATIONAL STANDARD BOOK NUMBER | |
| International Standard Book Number | 9789864345632 |
| Qualifying information | (平裝) : |
| Terms of availability | NT$500 |
| 040 ## - CATALOGING SOURCE | |
| Original cataloging agency | NCYU |
| Language of cataloging | chi |
| Transcribing agency | NCYU |
| Description conventions | ccr |
| 042 ## - AUTHENTICATION CODE | |
| Authentication code | nbic |
| 084 ## - OTHER CLASSIFICATION NUMBER | |
| Classification number | 312.74 |
| Number source | ncsclt |
| 090 ## - LOCALLY ASSIGNED LC-TYPE CALL NUMBER (OCLC); LOCAL CALL NUMBER (RLIN) | |
| Classification number (OCLC) (R) ; Classification number, CALL (RLIN) (NR) | 312.74 |
| 100 1# - MAIN ENTRY--PERSONAL NAME | |
| Personal name | 吳燦銘 |
| 245 10 - TITLE STATEMENT | |
| Title | Power BI實作大數據篩選分析與商業圖表設計 / |
| Statement of responsibility, etc. | 吳燦銘著 |
| 250 ## - EDITION STATEMENT | |
| Edition statement | 初版 |
| 260 ## - PUBLICATION, DISTRIBUTION, ETC. | |
| Place of publication, distribution, etc. | 新北市 : |
| Name of publisher, distributor, etc. | 博碩文化, |
| Date of publication, distribution, etc. | 2021.03. |
| 300 ## - PHYSICAL DESCRIPTION | |
| Extent | 1冊 : |
| Other physical details | 彩圖 ; |
| Dimensions | 23公分 |
| 650 #7 - SUBJECT ADDED ENTRY--TOPICAL TERM | |
| Topical term or geographic name entry element | 資料探勘 |
| Source of heading or term | lcstt. |
| 650 #7 - SUBJECT ADDED ENTRY--TOPICAL TERM | |
| Topical term or geographic name entry element | 商業資料處理 |
| Source of heading or term | lcstt. |
| 942 ## - ADDED ENTRY ELEMENTS (KOHA) | |
| Source of classification or shelving scheme | 中文圖書分類法 |
| Koha item type | 一般圖書 |
| 撤銷狀態 | 遺失狀態 | 分類號來源 | 損壞狀態 | 不外借 | 永久館藏地 | 現在館藏地 | 書架位置 | 採購日期 | 全部借出 | 全部續借 | 完整索書號 | 條碼號 | 最後一次日期記錄 | Date last checked out | 一般價格有效日期 | Koha館藏類型 | 公開資訊 |
|---|---|---|---|---|---|---|---|---|---|---|---|---|---|---|---|---|---|
| 未註銷館藏 | 未遺失 | 中文圖書分類法 | 未損毀 | 可外借 | 怡仁綜合醫院圖書館 | 怡仁綜合醫院圖書館 | 2023-01-13 | 4 | 2 | 312.74 | C02930 | 2024-04-24 | 2024-03-29 | 2023-01-13 | 一般圖書 | ☝ 博碩嚴選!Power BI商務應用及大數據資料分析的優選教材! ☝ 好評再上市,回饋發行中! ☑多樣的Power BI商務範例,易懂易學又易上手 ☑融會貫通大數據資料分析利器,提高自身商務職場價值 ☑滿足讀者一次了解Power BI三大平台的功能特點 ☑依循step by step的步驟引導,降低學習過程的障礙 |